000 00758nam a2200253Ia 4500
003 OSt
005 20220918164109.0
006 a|||||r|||| 00| 0
007 ta
008 220917b |||||||| |||| 00| 0 eng d
020 _a0415267412
_c450
024 _a259,969
037 _b11-09670, 16/01/2012, Atlantic Publisher & Dist.Pvt.Ltd.
_cTextual
040 _aARTS
_cARTS
_beng
041 _2eng
_aeng
082 _aSM9,8:811, Q2
100 _aJung Carl Gustav
_917202
245 0 _aDreams
260 _aLondon
_bRoutledge
_c2012
300 _axxiii,344p.
_ccm.
650 _aPSYCHOLOGY
942 _hSM9,8:811, Q2
_cTEXL
_2CC
999 _c123186
_d123186